[Event "DEN-chT 0607"]
[Site "Denmark"]
[Date "2007.03.24"]
[Round "8.3"]
[White "Holst, Allan"]
[Black "Pilgaard, Kim"]
[Result "0-1"]
[WhiteElo "2343"]
[BlackElo "2420"]
[PlyCount "112"]
[EventDate "2006.11.04"]
[EventType "team"]
[EventRounds "9"]
[EventCountry "DEN"]
[Source "ChessBase"]
[SourceDate "2007.02.01"]
[WhiteTeam "SK 1968"]
[BlackTeam "Bronshoj"]
[WhiteTeamCountry "DEN"]
[BlackTeamCountry "DEN"]

1. g3 e5 2. c4 Nf6 3. Bg2 d5 4. cxd5 Nxd5 5. Nf3 Nc6 6. O-O Nb6 7. d3 Be7 8.
Nbd2 O-O 9. a3 a5 10. b3 Be6 11. Bb2 f6 12. Qc2 Rf7 13. e3 Bf5 14. Ne4 Bf8 15.
Rfd1 Rd7 16. Rac1 Be6 17. d4 exd4 18. Nxd4 Nxd4 19. Rxd4 c6 20. Rcd1 Qc7 21. b4
axb4 22. axb4 Rxd4 23. Rxd4 Na4 24. Bc1 Qb6 25. Bd2 c5 26. bxc5 Nxc5 27. Bc3
Ra2 28. Qd1 Qc7 29. Nxc5 Qxc5 30. Bb4 Qf5 31. Qe1 Bxb4 32. Rxb4 Qa5 33. Rb1
Qxe1+ 34. Rxe1 b5 35. Rd1 Kf7 36. Bd5 Ra6 37. Kf1 b4 38. e4 Bxd5 39. Rxd5 Rb6
40. Rd1 g5 41. f3 b3 42. Ke2 b2 43. Rb1 Rb3 44. Kd2 Ke6 45. Kc2 Rxf3 46. Kxb2
Ke5 47. Kc2 Kxe4 48. Re1+ Re3 49. Kd2 Rxe1 50. Kxe1 Kf3 51. Kf1 h5 52. Kg1 h4
53. gxh4 gxh4 54. Kf1 f5 55. Kg1 Ke2 56. Kg2 f4 0-1

[Event "DEN-chT 0607"]
[Site "Denmark"]
[Date "2007.03.24"]
[Round "8.4"]
[White "Bromann, Thorbjorn"]
[Black "Lindfeldt, Jan Magnus"]
[Result "0-1"]
[WhiteElo "2387"]
[BlackElo "2210"]
[PlyCount "78"]
[EventDate "2006.11.04"]
[EventType "team"]
[EventRounds "9"]
[EventCountry "DEN"]
[Source "ChessBase"]
[SourceDate "2007.02.01"]
[WhiteTeam "Bronshoj"]
[BlackTeam "SK 1968"]
[WhiteTeamCountry "DEN"]
[BlackTeamCountry "DEN"]

1. c4 e5 2. g3 Nf6 3. Bg2 Nc6 4. a3 g6 5. b4 Bg7 6. Bb2 d5 7. cxd5 Nxd5 8. d3
O-O 9. Nd2 a5 10. bxa5 Rxa5 11. e3 Nb6 12. Nb3 Rb5 13. a4 Bg4 14. Ne2 Rd5 15.
Bxd5 Qxd5 16. e4 Qe6 17. Ra3 Rd8 18. Nc5 Qc8 19. Qc1 Bf8 20. Ng1 Nd7 21. Nxd7
Qxd7 22. Rb3 Be6 23. Rxb7 Qxd3 24. Ne2 Bh3 25. Rxc7 Bb4+ 26. Bc3 Bxc3+ 27. Nxc3
Nd4 28. f4 Nb3 29. Qb2 Qe3+ 30. Ne2 Rd2 31. Qxd2 Nxd2 32. Rc2 Nf3+ 33. Kd1 Qd3+
34. Kc1 Qa3+ 35. Kb1 Nd4 36. Nxd4 exd4 37. Rd1 Qb3+ 38. Kc1 Be6 39. Rxd4 Qb8
0-1

[Event "DEN-chT 0607"]
[Site "Denmark"]
[Date "2007.03.24"]
[Round "8.5"]
[White "Hansen, Lars"]
[Black "Brinck Claussen, Bjorn"]
[Result "0-1"]
[WhiteElo "2217"]
[BlackElo "2320"]
[PlyCount "76"]
[EventDate "2006.11.04"]
[EventType "team"]
[EventRounds "9"]
[EventCountry "DEN"]
[Source "ChessBase"]
[SourceDate "2007.02.01"]
[WhiteTeam "SK 1968"]
[BlackTeam "Bronshoj"]
[WhiteTeamCountry "DEN"]
[BlackTeamCountry "DEN"]

1. e4 e6 2. d3 d5 3. Nd2 c5 4. Ngf3 Nc6 5. g3 g6 6. Bg2 Nge7 7. O-O Bg7 8. Re1
O-O 9. e5 Qc7 10. Qe2 b6 11. h4 Bb7 12. Nf1 Nf5 13. Bf4 c4 14. dxc4 Ba6 15. Ne3
Nxe3 16. Qxe3 dxc4 17. Bh6 Ne7 18. Bxg7 Kxg7 19. h5 Nf5 20. Qf4 Bb7 21. Rad1
Rad8 22. Nh4 Bxg2 23. Nxf5+ exf5 24. h6+ Kg8 25. Kxg2 Qc6+ 26. Kh2 Qe6 27. Qh4
Rxd1 28. Rxd1 Qxe5 29. Rd8 Qc5 30. Qf6 Qxf2+ 31. Kh3 Qf1+ 32. Kh2 Qe2+ 33. Kg1
Qe3+ 34. Kf1 Qxh6 35. Rd7 Qc1+ 36. Kg2 Qxc2+ 37. Kh3 Qe4 38. Re7 Qh1# 0-1

[Event "DEN-chT 0607"]
[Site "Denmark"]
[Date "2007.03.24"]
[Round "8.6"]
[White "Carstensen, Jacob"]
[Black "Hansen, Bjarne"]
[Result "0-1"]
[WhiteElo "2277"]
[BlackElo "2241"]
[PlyCount "122"]
[EventDate "2006.11.04"]
[EventType "team"]
[EventRounds "9"]
[EventCountry "DEN"]
[Source "ChessBase"]
[SourceDate "2007.02.01"]
[WhiteTeam "Bronshoj"]
[BlackTeam "SK 1968"]
[WhiteTeamCountry "DEN"]
[BlackTeamCountry "DEN"]

1. d4 Nf6 2. g3 d6 3. Nf3 Nbd7 4. c4 e5 5. Nc3 Be7 6. Bg2 O-O 7. O-O c6 8. e4
a6 9. Re1 Re8 10. h3 Bf8 11. g4 g6 12. d5 cxd5 13. Nxd5 Nxd5 14. Qxd5 Nc5 15.
b3 Bd7 16. Nh2 Bc6 17. Qd1 Be7 18. Nf1 Bh4 19. Ba3 Qf6 20. Bxc5 dxc5 21. Qe2
Rad8 22. Ne3 Rd4 23. Nc2 Rd6 24. Ne3 Qf4 25. Nd5 Bxd5 26. cxd5 Rf6 27. Rf1 Qh6
28. Qc4 Qd2 29. Qxc5 b6 30. Qc1 Qd4 31. Kh1 Rxf2 32. Rd1 Qb4 33. Qe3 Rf4 34.
Rac1 Bf2 35. Qe2 Bd4 36. Qxa6 Qe7 37. Qa4 Rb8 38. Rxd4 exd4 39. Qxd4 f6 40. d6
Qe5 41. Qc4+ Kh8 42. d7 Kg7 43. Rd1 Rf2 44. Qd3 Rd8 45. a4 Qb2 46. Qg3 Rd2 47.
Rf1 Qe5 48. Qe3 Rd4 49. g5 fxg5 50. Qf2 R4xd7 51. Qxb6 Rd2 52. b4 R8d3 53. Qa7+
Kh6 54. Qg1 Ra3 55. Qh2 Qxh2+ 56. Kxh2 Raa2 57. Rg1 Rxa4 58. Kg3 Ra3+ 59. Kg4
Rdd3 60. Bf1 Re3 61. Bg2 Rg3# 0-1

[Event "DEN-chT 0607"]
[Site "Denmark"]
[Date "2007.03.24"]
[Round "8.7"]
[White "Christensen, Thomas"]
[Black "Palm, Nikolaj"]
[Result "0-1"]
[WhiteElo "2271"]
[BlackElo "2268"]
[PlyCount "94"]
[EventDate "2006.11.04"]
[EventType "team"]
[EventRounds "9"]
[EventCountry "DEN"]
[Source "ChessBase"]
[SourceDate "2007.02.01"]
[WhiteTeam "SK 1968"]
[BlackTeam "Bronshoj"]
[WhiteTeamCountry "DEN"]
[BlackTeamCountry "DEN"]

1. d4 d5 2. c4 e6 3. Nf3 c6 4. Qc2 Bd6 5. g3 f5 6. Bg2 Nf6 7. O-O O-O 8. Nbd2
Nbd7 9. b3 Qe7 10. Bb2 Ne4 11. Ne1 b6 12. Nxe4 dxe4 13. f3 exf3 14. Bxf3 Bb7
15. e4 fxe4 16. Qxe4 Rab8 17. Qe2 c5 18. Bxb7 Rxb7 19. Rxf8+ Nxf8 20. Nd3 Rd7
21. Ne5 Bxe5 22. Qxe5 Ng6 23. Qe4 cxd4 24. Bxd4 Qd6 25. Bf2 Nf8 26. Re1 Rf7 27.
Qe5 Qd2 28. Qe2 Qa5 29. Rd1 Qf5 30. b4 Nd7 31. Kg2 h5 32. h4 Nf6 33. Bg1 e5 34.
c5 bxc5 35. bxc5 e4 36. Rf1 Qd5 37. Be3 Ng4 38. Rxf7 Kxf7 39. Bg1 Ke6 40. Kh3
e3 41. Qg2 Qxc5 42. Qe4+ Qe5 43. Qc6+ Kf5 44. Qd7+ Kf6 45. Qxa7 Qe4 46. Qb6+
Kf7 47. Qb3+ Kg6 0-1

[Event "DEN-chT 0607"]
[Site "Denmark"]
[Date "2007.03.24"]
[Round "8.8"]
[White "Aabling Thomsen, Jakob"]
[Black "Alkaersig, Ole"]
[Result "1-0"]
[WhiteElo "2235"]
[BlackElo "2194"]
[PlyCount "57"]
[EventDate "2006.11.04"]
[EventType "team"]
[EventRounds "9"]
[EventCountry "DEN"]
[Source "ChessBase"]
[SourceDate "2007.02.01"]
[WhiteTeam "Bronshoj"]
[BlackTeam "SK 1968"]
[WhiteTeamCountry "DEN"]
[BlackTeamCountry "DEN"]

1. e4 e5 2. f4 Bc5 3. Nf3 d6 4. c3 Nf6 5. d4 exd4 6. cxd4 Bb6 7. e5 dxe5 8.
fxe5 Nd5 9. Bg5 f6 10. exf6 gxf6 11. Ne5 Qe7 12. Qh5+ Kd8 13. Be2 Rf8 14. Bh6
fxe5 15. Bxf8 Qxf8 16. Qg5+ Ne7 17. Rf1 Qh8 18. dxe5 Bd4 19. Nc3 Bxe5 20.
O-O-O+ Bd6 21. Bb5 h6 22. Qe5 Qg8 23. Ne4 Bd7 24. Nxd6 cxd6 25. Qxd6 Qg5+ 26.
Rd2 Nf5 27. Qf8+ Kc7 28. Bxd7 Nxd7 29. Qxf5 1-0

[Event "DEN-chT 0607"]
[Site "Denmark"]
[Date "2007.03.25"]
[Round "9.1"]
[White "Nielsen, Peter Heine"]
[Black "Rasmussen, Casper Dahl"]
[Result "1/2-1/2"]
[WhiteElo "2655"]
[BlackElo "2357"]
[PlyCount "124"]
[EventDate "2006.11.04"]
[EventType "team"]
[EventRounds "9"]
[EventCountry "DEN"]
[Source "ChessBase"]
[SourceDate "2007.02.01"]
[WhiteTeam "Helsinge"]
[BlackTeam "Skolerne"]
[WhiteTeamCountry "DEN"]
[BlackTeamCountry "DEN"]

1. e4 e5 2. Nf3 Nc6 3. Bb5 a6 4. Ba4 Nf6 5. O-O Be7 6. Re1 b5 7. Bb3 d6 8. c3
O-O 9. h3 Na5 10. Bc2 c5 11. d4 Qc7 12. Nbd2 cxd4 13. cxd4 Nc6 14. Nb3 a5 15.
Be3 a4 16. Nbd2 Bd7 17. Rc1 Rfc8 18. Nf1 Qb7 19. Ng3 h6 20. Qd2 Bf8 21. Bd3 d5
22. dxe5 Bb4 23. Qd1 Nxe4 24. Nxe4 dxe4 25. Bxe4 Bxe1 26. Qxe1 Qa6 27. Qd2 Be8
28. Bxh6 gxh6 29. Qxh6 Ne7 30. Qh7+ Kf8 31. Re1 Ra7 32. Qh8+ Ng8 33. Bh7 Qh6
34. Qxg8+ Ke7 35. e6 Rc1 36. exf7+ Rxe1+ 37. Nxe1 Bxf7 38. Qg3 Rd7 39. Bd3 Rd5
40. Bf1 Qd2 41. Nd3 Rg5 42. Qh4 Kf8 43. Ne5 Rf5 44. Qh8+ Bg8 45. Nd3 Qg5 46.
Qc3 Qf6 47. Qc8+ Kg7 48. Qc7+ Kh8 49. g4 Rg5 50. a3 Bc4 51. Qg3 Rg7 52. Ne5
Bxf1 53. Kxf1 Re7 54. Nf3 Qxb2 55. Qh4+ Rh7 56. Qd8+ Kg7 57. Ng5 Qc1+ 58. Kg2
Qc6+ 59. Kh2 Rh8 60. Qe7+ Kg6 61. Ne6 Rxh3+ 62. Kxh3 Qf3+ 1/2-1/2

[Event "DEN-chT 0607"]
[Site "Denmark"]
[Date "2007.03.25"]
[Round "9.2"]
[White "Rasmussen, Karsten"]
[Black "Schandorff, Lars"]
[Result "0-1"]
[WhiteElo "2463"]
[BlackElo "2539"]
[PlyCount "56"]
[EventDate "2006.11.04"]
[EventType "team"]
[EventRounds "9"]
[EventCountry "DEN"]
[Source "ChessBase"]
[SourceDate "2007.02.01"]
[WhiteTeam "Skolerne"]
[BlackTeam "Helsinge"]
[WhiteTeamCountry "DEN"]
[BlackTeamCountry "DEN"]

1. c4 Nf6 2. Nc3 e6 3. Nf3 Bb4 4. Qc2 O-O 5. a3 Bxc3 6. Qxc3 b6 7. e3 Bb7 8.
Be2 d6 9. b4 Ne4 10. Qc2 Ng5 11. Bb2 Nd7 12. O-O-O Nxf3 13. Bxf3 Bxf3 14. gxf3
Qh4 15. Rdg1 f6 16. Rg4 Qh5 17. Rhg1 g6 18. f4 a5 19. Qe4 Kf7 20. R1g3 axb4 21.
axb4 f5 22. Qc6 Ke7 23. Rg5 Qe2 24. Kc2 Ra7 25. Rh3 Rf7 26. Bc3 Qf1 27. Rhg3
Ra2+ 28. Bb2 Qa1 0-1

[Event "DEN-chT 0607"]
[Site "Denmark"]
[Date "2007.03.25"]
[Round "9.3"]
[White "Berg, Emanuel"]
[Black "Sorensen, Jan"]
[Result "1/2-1/2"]
[WhiteElo "2556"]
[BlackElo "2416"]
[PlyCount "89"]
[EventDate "2006.11.04"]
[EventType "team"]
[EventRounds "9"]
[EventCountry "DEN"]
[Source "ChessBase"]
[SourceDate "2007.02.01"]
[WhiteTeam "Helsinge"]
[BlackTeam "Skolerne"]
[WhiteTeamCountry "DEN"]
[BlackTeamCountry "DEN"]

1. e4 e6 2. d4 d5 3. Nc3 Bb4 4. e5 Ne7 5. a3 Bxc3+ 6. bxc3 c5 7. Qg4 cxd4 8.
Bd3 Qa5 9. Ne2 O-O 10. Bd2 dxc3 11. Bxc3 Qc7 12. Bb4 Nbc6 13. Bd6 Qa5+ 14. c3
f5 15. Qg5 Rf7 16. O-O Qd8 17. c4 d4 18. Qh4 Qe8 19. f4 b6 20. Rf3 Bb7 21. Rh3
g6 22. Qf2 Rd8 23. Nxd4 Nxd4 24. Qxd4 Qc6 25. Bf1 Nc8 26. Rd1 Rfd7 27. c5 bxc5
28. Qc4 Re8 29. Rb3 Nb6 30. Qb5 c4 31. Qxc6 Bxc6 32. Rc3 Nd5 33. Rxc4 Ne3 34.
Rxc6 Nxd1 35. Bb5 Rb7 36. a4 Ne3 37. Rc5 Rd8 38. Kf2 Nd5 39. g3 a6 40. Bxa6
Rb2+ 41. Kf3 Rb3+ 42. Kg2 Rb2+ 43. Kf3 Rb3+ 44. Kg2 Rb2+ 45. Kf3 1/2-1/2

[Event "DEN-chT 0607"]
[Site "Denmark"]
[Date "2007.03.25"]
[Round "9.4"]
[White "Vinther Schou, Uffe"]
[Black "Hutters, Tomas"]
[Result "0-1"]
[WhiteElo "2380"]
[BlackElo "2426"]
[PlyCount "74"]
[EventDate "2006.11.04"]
[EventType "team"]
[EventRounds "9"]
[EventCountry "DEN"]
[Source "ChessBase"]
[SourceDate "2007.02.01"]
[WhiteTeam "Skolerne"]
[BlackTeam "Helsinge"]
[WhiteTeamCountry "DEN"]
[BlackTeamCountry "DEN"]

1. e4 c5 2. Nf3 d6 3. d4 cxd4 4. Nxd4 Nf6 5. Nc3 e6 6. g4 h6 7. h3 Nc6 8. Bg2
a6 9. Be3 Rb8 10. Qe2 Nxd4 11. Bxd4 e5 12. Ba7 Ra8 13. Be3 b5 14. O-O-O b4 15.
Nd5 Nxd5 16. exd5 Be7 17. Be4 a5 18. Kb1 Bg5 19. Rdg1 Bxe3 20. fxe3 Qh4 21.
Qb5+ Bd7 22. Qb7 Qd8 23. Bf5 Rb8 24. Bxd7+ Ke7 25. Qa6 Qxd7 26. Qxa5 Qb7 27. c3
bxc3 28. Qxc3 Qxd5 29. Qc7+ Ke6 30. Rd1 Qe4+ 31. Ka1 Qb4 32. Qc2 Rhc8 33. Qd2
Rc6 34. Rhf1 f6 35. Rf2 Qe4 36. Rc1 Rbc8 37. Rff1 Qg2 0-1

[Event "DEN-chT 0607"]
[Site "Denmark"]
[Date "2007.03.25"]
[Round "9.5"]
[White "Fries Nielsen, Niels Jorgen"]
[Black "Christensen, Tobias"]
[Result "1/2-1/2"]
[WhiteElo "2406"]
[BlackElo "2330"]
[PlyCount "88"]
[EventDate "2006.11.04"]
[EventType "team"]
[EventRounds "9"]
[EventCountry "DEN"]
[Source "ChessBase"]
[SourceDate "2007.02.01"]
[WhiteTeam "Helsinge"]
[BlackTeam "Skolerne"]
[WhiteTeamCountry "DEN"]
[BlackTeamCountry "DEN"]

1. b3 e5 2. Bb2 Nc6 3. e3 Nf6 4. Bb5 Bd6 5. Ne2 O-O 6. Ng3 a6 7. Be2 Re8 8. c4
Bf8 9. O-O d6 10. Nc3 Bd7 11. Bf3 Rb8 12. a3 b5 13. cxb5 axb5 14. b4 Ne7 15. d4
exd4 16. Qxd4 Nc6 17. Bxc6 Bxc6 18. Rac1 Qc8 19. e4 Qe6 20. Rfd1 Qb3 21. Rd2
Ba8 22. Qd3 c5 23. Nd5 Bxd5 24. exd5 Qxd3 25. Rxd3 Nd7 26. f3 g6 27. Kf1 f5 28.
Ne2 Kf7 29. Rb1 c4 30. Rdd1 Ne5 31. Bd4 Nd3 32. Ra1 Bg7 33. Bxg7 Kxg7 34. Nd4
Kf6 35. Rdb1 Rb7 36. a4 bxa4 37. Rxa4 Re5 38. b5 Rxd5 39. Rxc4 Rc5 40. Ra4 Rb6
41. Ra3 Nf4 42. Re3 Re5 43. Rc3 Rc5 44. Re3 Re5 1/2-1/2

[Event "DEN-chT 0607"]
[Site "Denmark"]
[Date "2007.03.25"]
[Round "9.6"]
[White "Pedersen, Finn"]
[Black "Bekker Jensen, Simon"]
[Result "1/2-1/2"]
[WhiteElo "2300"]
[BlackElo "2372"]
[PlyCount "40"]
[EventDate "2006.11.04"]
[EventType "team"]
[EventRounds "9"]
[EventCountry "DEN"]
[Source "ChessBase"]
[SourceDate "2007.02.01"]
[WhiteTeam "Skolerne"]
[BlackTeam "Helsinge"]
[WhiteTeamCountry "DEN"]
[BlackTeamCountry "DEN"]

1. d4 Nf6 2. g3 g6 3. Bg2 d5 4. Nf3 Bg7 5. c4 c6 6. Nbd2 O-O 7. O-O a5 8. b3 a4
9. Bb2 Ne4 10. Nxe4 dxe4 11. Ne1 f5 12. e3 e5 13. Nc2 Qc7 14. f4 exf3 15. Qxf3
axb3 16. axb3 Rxa1 17. Bxa1 Be6 18. dxe5 Nd7 19. Nd4 Nxe5 20. Qf4 Bc8 1/2-1/2

[Event "DEN-chT 0607"]
[Site "Denmark"]
[Date "2007.03.25"]
[Round "9.7"]
[White "Nilssen, John Arni"]
[Black "Jacobsen, Bo"]
[Result "1/2-1/2"]
[WhiteElo "2377"]
[BlackElo "2307"]
[PlyCount "91"]
[EventDate "2006.11.04"]
[EventType "team"]
[EventRounds "9"]
[EventCountry "DEN"]
[Source "ChessBase"]
[SourceDate "2007.02.01"]
[WhiteTeam "Helsinge"]
[BlackTeam "Skolerne"]
[WhiteTeamCountry "DEN"]
[BlackTeamCountry "DEN"]

1. Nf3 g6 2. d4 Bg7 3. c4 f5 4. Nc3 Nf6 5. g3 O-O 6. Bg2 d6 7. d5 Nbd7 8. O-O
Ne5 9. Nxe5 dxe5 10. e4 f4 11. gxf4 Nh5 12. f5 Nf4 13. Bxf4 exf4 14. Re1 Qd6
15. Bf3 Be5 16. Kh1 Kh8 17. Qe2 Rf7 18. Rg1 gxf5 19. Rae1 Bd7 20. exf5 Bxc3 21.
bxc3 Rg8 22. Rxg8+ Kxg8 23. Qe5 Qxe5 24. Rxe5 Kf8 25. Bg4 Rf6 26. Bd1 Bxf5 27.
Kg2 b6 28. Kf3 Bd3 29. Be2 Bg6 30. h4 h6 31. Kg4 Ke8 32. h5 Bb1 33. a3 Kd7 34.
Bf3 Kd6 35. Re1 Bf5+ 36. Kh4 Bd3 37. Be2 Bxe2 38. Rxe2 e5 39. dxe6 Rxe6 40.
Rd2+ Kc6 41. Kg4 Re5 42. Rd4 Rg5+ 43. Kh4 Rf5 44. Kg4 Rg5+ 45. Kh4 Rf5 46. Kg4
1/2-1/2

[Event "DEN-chT 0607"]
[Site "Denmark"]
[Date "2007.03.25"]
[Round "9.8"]
[White "Hagen, Andreas Skytte"]
[Black "Lauridsen, Jesper Morch"]
[Result "1/2-1/2"]
[WhiteElo "2259"]
[BlackElo "2272"]
[PlyCount "83"]
[EventDate "2006.11.04"]
[EventType "team"]
[EventRounds "9"]
[EventCountry "DEN"]
[Source "ChessBase"]
[SourceDate "2007.02.01"]
[WhiteTeam "Skolerne"]
[BlackTeam "Helsinge"]
[WhiteTeamCountry "DEN"]
[BlackTeamCountry "DEN"]

1. Nf3 d5 2. d4 e6 3. c4 c5 4. cxd5 exd5 5. Nc3 Nc6 6. g3 Nf6 7. Bg2 Be7 8. O-O
O-O 9. Bg5 c4 10. Ne5 Be6 11. e3 Rc8 12. f4 Ne8 13. Nxc6 bxc6 14. Bxe7 Qxe7 15.
f5 Bd7 16. e4 dxe4 17. Nxe4 Nf6 18. Nc5 Qe3+ 19. Kh1 Rfe8 20. Rc1 Qe2 21. b3
Qxd1 22. Rcxd1 cxb3 23. axb3 Re7 24. h3 Nd5 25. g4 Rce8 26. Ra1 Bc8 27. Rf2 h5
28. Rfa2 hxg4 29. hxg4 g6 30. Rxa7 Rxa7 31. Rxa7 gxf5 32. gxf5 Bxf5 33. Ra6 Nb4
34. Ra4 Rb8 35. Kh2 Nd3 36. Ra5 Nxc5 37. Rxc5 Bd7 38. d5 cxd5 39. Bxd5 Be6 40.
Bxe6 fxe6 41. Rc3 Kf7 42. Kg3 1/2-1/2

[Event "DEN-chT 0607"]
[Site "Denmark"]
[Date "2007.03.25"]
[Round "9.1"]
[White "Ost Hansen, Jacob"]
[Black "Matthiesen, Martin"]
[Result "1/2-1/2"]
[WhiteElo "2439"]
[BlackElo "2342"]
[PlyCount "61"]
[EventDate "2006.11.04"]
[EventType "team"]
[EventRounds "9"]
[EventCountry "DEN"]
[Source "ChessBase"]
[SourceDate "2007.02.01"]
[WhiteTeam "K41"]
[BlackTeam "SK 1968"]
[WhiteTeamCountry "DEN"]
[BlackTeamCountry "DEN"]

1. g3 d5 2. Nf3 c5 3. Bg2 Nc6 4. O-O g6 5. d3 Bg7 6. Nbd2 e6 7. e4 Nge7 8. Re1
b6 9. c3 h6 10. h4 a5 11. a4 Ra7 12. Nb1 Rd7 13. e5 d4 14. c4 Bb7 15. Bf4 Nb4
16. Na3 Qa8 17. Nb5 Nc8 18. Rc1 O-O 19. Rf1 Na6 20. Qe2 Nc7 21. Ne1 Ne7 22.
Bxb7 Qxb7 23. Nd6 Qc6 24. b3 Kh7 25. Nf3 Ng8 26. Ne4 Ne8 27. Rce1 Ra7 28. Nh2
Re7 29. Ng4 Qb7 30. Kh2 h5 31. Ngf6+ 1/2-1/2

[Event "DEN-chT 0607"]
[Site "Denmark"]
[Date "2007.03.25"]
[Round "9.3"]
[White "Schmidt, Kristen"]
[Black "Holst, Allan"]
[Result "1/2-1/2"]
[WhiteElo "2322"]
[BlackElo "2343"]
[PlyCount "81"]
[EventDate "2006.11.04"]
[EventType "team"]
[EventRounds "9"]
[EventCountry "DEN"]
[Source "ChessBase"]
[SourceDate "2007.02.01"]
[WhiteTeam "K41"]
[BlackTeam "SK 1968"]
[WhiteTeamCountry "DEN"]
[BlackTeamCountry "DEN"]

1. e4 e5 2. Nf3 Nc6 3. Bb5 Nf6 4. O-O Nxe4 5. d4 Nd6 6. Bxc6 dxc6 7. dxe5 Nf5
8. Qxd8+ Kxd8 9. Nc3 Ke8 10. h3 Be7 11. Bd2 h5 12. Ne2 a6 13. Rfe1 Nh4 14. Nxh4
Bxh4 15. Bc3 Be6 16. Nd4 Rd8 17. Nxe6 fxe6 18. Rad1 Rd5 19. g3 Be7 20. Kf1 Kf7
21. Ke2 Rhd8 22. Rd3 g5 23. f4 gxf4 24. Rf1 Rg8 25. Rxf4+ Ke8 26. g4 hxg4 27.
Rxg4 Rh8 28. Rdg3 Kd7 29. Rg7 b5 30. b3 c5 31. Bb2 c4 32. bxc4 bxc4 33. Bc3 a5
34. Rf3 Ke8 35. Rg4 Bb4 36. Rxc4 Bxc3 37. Rfxc3 Rxe5+ 38. Kd2 Rd5+ 39. Kc1 Rd7
40. Rxc7 Rxc7 41. Rxc7 1/2-1/2

[Event "DEN-chT 0607"]
[Site "Denmark"]
[Date "2007.03.25"]
[Round "9.4"]
[White "Lindfeldt, Jan Magnus"]
[Black "Greger, Roland Reinhard"]
[Result "0-1"]
[WhiteElo "2210"]
[BlackElo "2332"]
[PlyCount "80"]
[EventDate "2006.11.04"]
[EventType "team"]
[EventRounds "9"]
[EventCountry "DEN"]
[Source "ChessBase"]
[SourceDate "2007.02.01"]
[WhiteTeam "SK 1968"]
[BlackTeam "K41"]
[WhiteTeamCountry "DEN"]
[BlackTeamCountry "DEN"]

1. e4 e6 2. d4 d5 3. Nc3 Bb4 4. Nge2 dxe4 5. a3 Bxc3+ 6. Nxc3 Nc6 7. Bb5 Nge7
8. Bg5 f6 9. Be3 O-O 10. Qd2 f5 11. h4 a6 12. Bc4 Nd5 13. Bg5 Qd7 14. h5 h6 15.
Bxd5 exd5 16. Bf4 Qf7 17. Rh3 Kh7 18. O-O-O Be6 19. Ne2 Rac8 20. Rg3 Rg8 21.
Rh1 Qe7 22. Be3 Bf7 23. Nf4 Rgd8 24. Rhh3 Rd6 25. Kb1 Qe8 26. Rh1 b6 27. Rgh3
Na5 28. b3 Qd8 29. Ng6 c5 30. Bf4 Re6 31. Rg1 Bxg6 32. hxg6+ Rxg6 33. Rgh1 Rcc6
34. dxc5 bxc5 35. Rh5 c4 36. Ka2 cxb3+ 37. cxb3 Qb6 38. R1h3 Rxg2 39. Be3 Qxb3+
40. Ka1 Rg1+ 0-1

[Event "DEN-chT 0607"]
[Site "Denmark"]
[Date "2007.03.25"]
[Round "9.5"]
[White "Larsen, Karsten"]
[Black "Hansen, Lars"]
[Result "1-0"]
[WhiteElo "2294"]
[BlackElo "2217"]
[PlyCount "49"]
[EventDate "2006.11.04"]
[EventType "team"]
[EventRounds "9"]
[EventCountry "DEN"]
[Source "ChessBase"]
[SourceDate "2007.02.01"]
[WhiteTeam "K41"]
[BlackTeam "SK 1968"]
[WhiteTeamCountry "DEN"]
[BlackTeamCountry "DEN"]

1. e4 g6 2. d4 Bg7 3. Nf3 d6 4. Bc4 c6 5. Bb3 Nf6 6. Nc3 O-O 7. a4 Bg4 8. h3
Bxf3 9. Qxf3 Nbd7 10. Be3 c5 11. dxc5 Qa5 12. cxd6 Ne5 13. Qd1 Nxe4 14. dxe7
Rfe8 15. Qd5 Qxd5 16. Nxd5 Rac8 17. O-O-O Nc5 18. Bxc5 Rxc5 19. Rhe1 Nc6 20.
Re4 h5 21. c3 Bh6+ 22. f4 Kg7 23. Kc2 a5 24. Kb1 h4 25. Rde1 1-0

[Event "DEN-chT 0607"]
[Site "Denmark"]
[Date "2007.03.25"]
[Round "9.6"]
[White "Hansen, Bjarne"]
[Black "Olesen, Martin"]
[Result "0-1"]
[WhiteElo "2241"]
[BlackElo "2272"]
[PlyCount "118"]
[EventDate "2006.11.04"]
[EventType "team"]
[EventRounds "9"]
[EventCountry "DEN"]
[Source "ChessBase"]
[SourceDate "2007.02.01"]
[WhiteTeam "SK 1968"]
[BlackTeam "K41"]
[WhiteTeamCountry "DEN"]
[BlackTeamCountry "DEN"]

1. d4 d5 2. c4 Nc6 3. Nf3 Bg4 4. Nc3 e6 5. Bf4 Nf6 6. e3 Bb4 7. Rc1 O-O 8. Be2
Ne4 9. O-O Bxc3 10. bxc3 Na5 11. cxd5 exd5 12. h3 Bxf3 13. Bxf3 Nc4 14. Re1 f5
15. Be2 b5 16. f3 Ned6 17. Qb3 c6 18. Bd3 Qd7 19. Re2 Kh8 20. Rce1 Rae8 21. a4
a6 22. Ra1 Rf7 23. axb5 axb5 24. Qb4 h6 25. h4 Rfe7 26. Kf2 Re6 27. g3 Qf7 28.
Qb1 Qe7 29. Bxf5 Nxf5 30. Qxf5 Nxe3 31. Qxe6 Qxe6 32. Rxe3 Qg6 33. Rxe8+ Qxe8
34. Be5 Qg6 35. Ra8+ Kh7 36. Ra7 Qc2+ 37. Kg1 Kg8 38. Rxg7+ Kf8 39. Rb7 Qxc3
40. Kg2 Qc2+ 41. Kh3 Qf5+ 42. Kg2 h5 43. Bd6+ Kg8 44. Rb8+ Kh7 45. Rb7+ Kg6 46.
Be5 Qc2+ 47. Kh3 Qd1 48. Kh2 Qe2+ 49. Kg1 Qxf3 50. Rg7+ Kh6 51. Rc7 Qd1+ 52.
Kf2 Qc2+ 53. Ke3 b4 54. g4 hxg4 55. Rc8 b3 56. Rh8+ Kg6 57. h5+ Kg5 58. h6 b2
59. Bf4+ Kh5 0-1

[Event "DEN-chT 0607"]
[Site "Denmark"]
[Date "2007.03.25"]
[Round "9.7"]
[White "Semcesen, Daniel"]
[Black "Christensen, Thomas"]
[Result "1/2-1/2"]
[WhiteElo "2286"]
[BlackElo "2271"]
[PlyCount "105"]
[EventDate "2006.11.04"]
[EventType "team"]
[EventRounds "9"]
[EventCountry "DEN"]
[Source "ChessBase"]
[SourceDate "2007.02.01"]
[WhiteTeam "K41"]
[BlackTeam "SK 1968"]
[WhiteTeamCountry "DEN"]
[BlackTeamCountry "DEN"]

1. d4 d5 2. c4 c6 3. Nf3 Nf6 4. Qc2 e6 5. g3 dxc4 6. Qxc4 b5 7. Qd3 Bb7 8. Bg2
a6 9. a4 Qb6 10. Nc3 Nbd7 11. O-O Be7 12. Be3 Nd5 13. Nxd5 cxd5 14. a5 Qd8 15.
Rfc1 O-O 16. Bf4 Rc8 17. Rxc8 Qxc8 18. Rc1 Qa8 19. Rc7 Bc6 20. Qc3 Rc8 21.
Rxc8+ Qxc8 22. b4 Bb7 23. Bd2 Nb8 24. Ne5 Qxc3 25. Bxc3 Nc6 26. Nd3 Kf8 27. e3
Ke8 28. Kf1 Kd7 29. Ke2 f5 30. h4 Bd6 31. Bf3 Ke7 32. g4 g6 33. gxf5 gxf5 34.
Bh5 Nb8 35. Nc5 Bc8 36. Nd3 Nd7 37. Be1 Nf6 38. Bf3 Bd7 39. Bg2 Bc8 40. f3 Bb7
41. Bh3 Nd7 42. Nc5 Nxc5 43. dxc5 Be5 44. f4 Bf6 45. Kd3 Bc6 46. Bg2 Be8 47.
Bf3 h5 48. Bg3 Kd7 49. Be1 Kc6 50. Bg3 Kd7 51. Be1 Kc6 52. Bg3 Kd7 53. Be1
1/2-1/2

[Event "DEN-chT 0607"]
[Site "Denmark"]
[Date "2007.03.25"]
[Round "9.8"]
[White "Alkaersig, Ole"]
[Black "Naes, Flovin Tor"]
[Result "0-1"]
[WhiteElo "2194"]
[BlackElo "2227"]
[PlyCount "44"]
[EventDate "2006.11.04"]
[EventType "team"]
[EventRounds "9"]
[EventCountry "DEN"]
[Source "ChessBase"]
[SourceDate "2007.02.01"]
[WhiteTeam "SK 1968"]
[BlackTeam "K41"]
[WhiteTeamCountry "DEN"]
[BlackTeamCountry "DEN"]

1. e4 e5 2. Nf3 Nc6 3. Bb5 a6 4. Ba4 Nf6 5. d4 exd4 6. O-O Be7 7. Re1 b5 8. Bb3
d6 9. Bd5 Nxd5 10. exd5 Ne5 11. Nxd4 O-O 12. a4 Bg4 13. f3 Bd7 14. Nc3 bxa4 15.
Nxa4 Qb8 16. Nc3 Re8 17. f4 Qb6 18. fxe5 dxe5 19. Rxe5 Bf6 20. Rxe8+ Rxe8 21.
Nce2 Bg4 22. Kh1 Bxd4 0-1